[Event "Mistrzostwa Polski Juniorow do lat 16 - Chlopcy"]
[Site "Jastrzebia Gora"]
[Date "1899-12-30"]
[Round "7.24"]
[White "Sliz, Karol"]
[Black "Wandor, Adam"]
[Result "1-0"]
[WhiteTitle "I"]
[BlackTitle "II+"]
[WhiteElo "1672"]
[BlackElo "1641"]

1. e4 c5 2. Nf3 d6 3. d4 cxd4 4. Nxd4 Nf6 5. Nc3 g6 6. Be3 Bg7 7. f3 Nc6 8. Qd2
O-O 9. Bc4 a6 10. O-O-O Na5 11. Bb3 b5 12. h4 h5 13. Bh6 Qc7 14. Kb1 Nc4 15. Bxc4
bxc4 16. g4 Be6 17. Rdg1 Qa5 18. Nf5 Bxf5 19. gxf5 Rfb8 20. Bxg7 Kxg7 21. fxg6
Qa3 22. gxf7+ Kxf7 23. b3 a5 24. Nd5 c3 25. Qxc3 a4 26. Nxf6 axb3 27. Qc4+ Kxf6
28. Rg6+ Ke5 29. f4+ Kxf4 30. Rf1+ Ke3 31. Qd3# 1-0

[Event "Mistrzostwa Polski Juniorow do lat 16 - Chlopcy"]
[Site "Jastrzebia Gora"]
[Date "1899-12-30"]
[Round "8.1"]
[White "Klimkowski, Jan"]
[Black "Starosciak, Szymon"]
[Result "1/2-1/2"]
[WhiteTitle "FM"]
[BlackTitle "I++"]
[WhiteElo "2481"]
[BlackElo "2037"]

1. d4 d5 2. c4 c6 3. Nc3 Nf6 4. Nf3 e6 5. Bg5 h6 6. Bh4 Be7 7. e3 O-O 8. Qc2 Nbd7
9. Rd1 a6 10. a3 b5 11. c5 e5 12. dxe5 Ng4 13. Bg3 f6 14. exf6 Bxf6 15. Nd4 Nxc5
16. Nxc6 Qe8 17. Nxd5 Qxc6 18. b4 Be6 19. Qxc5 Bxd5 20. Qxd5+ Qxd5 21. Rxd5 Bc3+
22. Ke2 a5 23. bxa5 Rxa5 24. f3 Nf6 25. Rc5 Rxa3 26. Rxb5 Rd8 27. f4 Bd2 28. Bf2
Ng4 29. Kf3 Nxf2 30. Bc4+ Kh8 31. Kxf2 Bxe3+ 32. Kf3 Bxf4+ 33. Kxf4 Rd4+ 34. Kf5
Rxc4 35. Rhb1 Kh7 36. R1b2 Rac3 37. R5b4 1/2-1/2

[Event "Mistrzostwa Polski Juniorow do lat 16 - Chlopcy"]
[Site "Jastrzebia Gora"]
[Date "1899-12-30"]
[Round "8.2"]
[White "Madej, Marek"]
[Black "Malek, Jan"]
[Result "0-1"]
[WhiteTitle "I++"]
[BlackTitle "m"]
[WhiteElo "2052"]
[BlackElo "2389"]

1. e4 e6 2. d4 d5 3. Bd3 Nc6 4. c3 e5 5. Qe2 Nf6 6. Bg5 Bg4 7. Qxg4 Nxg4 8. Bxd8
Rxd8 9. exd5 Rxd5 10. Bc4 Rd8 11. d5 Bc5 12. dxc6 b5 13. Bxf7+ Kxf7 14. Nh3 Ke7
15. b4 Bb6 16. a4 Rhf8 17. Ra2 bxa4 18. Na3 Rd3 19. Rc2 a5 20. bxa5 Bxa5 21. Ke2
Rxc3 22. Ra1 Rb8 23. Raa2 Rbb3 24. Rxc3 Bxc3 25. Nc2 Rb2 26. Rxa4 Nxf2 27. Nxf2
Rxc2+ 28. Kf3 Bd4 29. Ne4 Rxc6 30. Ra8 Rg6 31. h4 Rb6 32. Rg8 Kf7 33. Rc8 Kg6
34. g4 Rb3+ 35. Kg2 h5 36. Rxc7 hxg4 37. h5+ Kh6 38. Nd6 Rb2+ 39. Kh1 Kg5 40.
Kg2 Kh6+ 41. Kh1 Kg5 42. Ne4+ Kf4 43. Nd6 Rb1+ 44. Kg2 Rg1+ 0-1

[Event "Mistrzostwa Polski Juniorow do lat 16 - Chlopcy"]
[Site "Jastrzebia Gora"]
[Date "1899-12-30"]
[Round "8.3"]
[White "Fiszer, Bartosz"]
[Black "Zalega, Maciej"]
[Result "0-1"]
[WhiteTitle "CM"]
[BlackTitle "I++"]
[WhiteElo "2232"]
[BlackElo "2140"]

1. e4 c5 2. Nf3 Nc6 3. d4 cxd4 4. Nxd4 Nf6 5. Nc3 d6 6. f3 e5 7. Nb3 Be7 8. Be3
O-O 9. Qd2 Be6 10. O-O-O a5 11. Bb5 Nb4 12. Kb1 d5 13. exd5 Nbxd5 14. Nxd5 Nxd5
15. Bc4 Nxe3 16. Qxe3 Qc8 17. Bxe6 Qxe6 18. Rhe1 Rfd8 19. Nc1 Bf6 20. Rxd8+ Rxd8
21. Nd3 g6 22. Qe4 Rd5 23. a4 Qd7 24. b3 Kg7 25. g4 h6 26. Rh1 Rd4 27. Qe3 Qc6
28. Nb2 Rxg4 29. Nc4 Rd4 30. Re1 e4 31. fxe4 Rxc4 32. bxc4 Qxa4 33. e5 Qb4+ 34.
Ka2 Bg5 35. Qg3 a4 36. e6 Bf6 37. Rb1 Qxc4+ 38. Ka3 Be7+ 39. Kb2 a3+ 40. Kc1 Bg5+
41. Kd1 a2 42. Ra1 Qd4+ 43. Ke2 Qxa1 44. Qc7 Qf6 0-1

[Event "Mistrzostwa Polski Juniorow do lat 16 - Chlopcy"]
[Site "Jastrzebia Gora"]
[Date "1899-12-30"]
[Round "8.4"]
[White "Demski, Michal"]
[Black "Dziewonski, Dariusz"]
[Result "1-0"]
[WhiteTitle "I+"]
[BlackTitle "k"]
[WhiteElo "2009"]
[BlackElo "2237"]

1. d4 Nf6 2. Nf3 g6 3. g3 Bg7 4. Bg2 O-O 5. O-O d6 6. b3 e5 7. Bb2 e4 8. Ne1 d5
9. c4 Be6 10. cxd5 Bxd5 11. Nc3 Re8 12. Nc2 c6 13. Ne3 Qe7 14. Rc1 Na6 15. Qd2
Rad8 16. Nexd5 Nxd5 17. e3 f5 18. Nxd5 Rxd5 19. Rfd1 Kh8 20. Bf1 Nb4 21. a3 Nd3
22. Bxd3 exd3 23. Qxd3 Red8 24. b4 Qe6 25. Qb3 f4 26. exf4 Qg4 27. Re1 h5 28.
Qd1 Bxd4 29. Bxd4+ Rxd4 30. Re8+ Kg7 31. Qxg4 hxg4 32. Re7+ Kf6 33. Rxb7 R8d6
34. Rc7 R6d5 35. R1xc6+ Kf5 36. Rc5 Ke4 37. Rxd5 Rxd5 38. Kg2 a5 39. Re7+ Kd4
40. Re5 1-0

[Event "Mistrzostwa Polski Juniorow do lat 16 - Chlopcy"]
[Site "Jastrzebia Gora"]
[Date "1899-12-30"]
[Round "8.5"]
[White "Meers, Hubert"]
[Black "Raczek, Krzysztof"]
[Result "1/2-1/2"]
[WhiteTitle "k"]
[BlackTitle "k"]
[WhiteElo "2150"]
[BlackElo "2186"]

1. e4 c5 2. Nf3 Nc6 3. d4 cxd4 4. Nxd4 Nf6 5. Nc3 d6 6. Bg5 Bd7 7. Qd2 Rc8 8. O-O-O
Nxd4 9. Qxd4 Qa5 10. Bd2 a6 11. Kb1 Qc5 12. Qxc5 Rxc5 13. Be3 Rc8 14. Be2 Bc6
15. f3 g6 16. h4 h5 17. g3 Bg7 18. Bg5 O-O 19. Bxf6 Bxf6 20. Nd5 Bxd5 21. Rxd5
Rc6 22. f4 Rb6 23. b3 Rc8 24. g4 Rbc6 25. c4 e6 26. Rd2 hxg4 27. Bxg4 b5 28. Be2
bxc4 29. Bxc4 a5 30. h5 gxh5 31. Rxh5 a4 32. f5 axb3 33. axb3 Rc5 34. Rg2+ Kf8
35. Rh6 d5 36. fxe6 dxc4 37. Rxf6 Ke7 38. Rxf7+ Kxe6 39. Rf3 cxb3 40. Rxb3 Ke5
1/2-1/2

[Event "Mistrzostwa Polski Juniorow do lat 16 - Chlopcy"]
[Site "Jastrzebia Gora"]
[Date "1899-12-30"]
[Round "8.6"]
[White "Kutowski, Marcel"]
[Black "Rog, Bartlomiej"]
[Result "0-1"]
[WhiteTitle "I++"]
[BlackTitle "k"]
[WhiteElo "2070"]
[BlackElo "2127"]

1. e4 e5 2. Nf3 Nc6 3. Bb5 a6 4. Ba4 d6 5. c3 f5 6. d3 Nf6 7. Nbd2 Be7 8. O-O O-O
9. Re1 fxe4 10. dxe4 Qe8 11. Bc2 Nh5 12. Bd3 Nf4 13. Nf1 Bg4 14. Bxf4 Rxf4 15.
Qb3+ Kh8 16. N3d2 Nd8 17. Ne3 Be6 18. Bc4 Qg6 19. Bxe6 Nxe6 20. Qxb7 Raf8 21.
Nf5 Ng5 22. Re3 Bd8 23. Rf1 Nxe4 24. Nxe4 Qxf5 25. f3 Rh4 26. Ng3 Qc2 27. Qb3
Qxb3 28. axb3 c6 29. Kh1 a5 30. Rd1 Bc7 31. c4 Rd4 32. Rxd4 exd4 33. Rd3 Re8 34.
Kg1 Re1+ 35. Kf2 Rb1 36. Rd2 a4 37. bxa4 Ba5 38. Re2 h6 39. Ne4 d3 40. Re3 d2
41. Nxd2 Bxd2 42. Re2 Bb4 43. Ke3 Ra1 44. b3 Rb1 45. Kf4 Rxb3 46. Kf5 Kh7 47.
Ra2 Re3 48. Kf4 Rc3 49. a5 Rxc4+ 50. Ke3 Bc5+ 51. Kd3 Rd4+ 52. Kc3 Ba7 53. a6
c5 0-1

[Event "Mistrzostwa Polski Juniorow do lat 16 - Chlopcy"]
[Site "Jastrzebia Gora"]
[Date "1899-12-30"]
[Round "8.7"]
[White "Duda, Szymon"]
[Black "Janeczko, Jakub"]
[Result "0-1"]
[WhiteTitle "I+"]
[BlackTitle "I++"]
[WhiteElo "1768"]
[BlackElo "2221"]

1. d4 Nf6 2. c4 g6 3. Nf3 Bg7 4. g3 O-O 5. Bg2 c5 6. d5 e6 7. Nc3 exd5 8. cxd5
d6 9. O-O Bf5 10. Nd2 Qd7 11. e4 Bh3 12. a4 a6 13. Nc4 Bxg2 14. Kxg2 Qc7 15. Bf4
Ne8 16. Re1 Nd7 17. a5 h6 18. h4 Kh7 19. Qc2 Ndf6 20. Rad1 Rd8 21. f3 Qe7 22.
Bxd6 Nxd6 23. Nxd6 Qxd6 24. e5 Qd7 25. exf6 Bxf6 26. Ne4 Bg7 27. Rd2 Rc8 28. h5
c4 29. d6 Rc6 30. Red1 f5 31. hxg6+ Kxg6 32. Nc3 Rf6 33. Nd5 Rfxd6 34. Nf4+ Kh7
35. Rxd6 Rxd6 36. Rxd6 Qxd6 37. Qxf5+ Kg8 38. Qc8+ Kh7 39. Qxc4 Qd2+ 40. Kh3 Qxa5
41. Qe4+ Kg8 42. Qe8+ Kh7 43. Qg6+ Kg8 44. Qe6+ Kh7 45. Qg6+ Kh8 46. Nh5 Bxb2
47. Qe8+ Kh7 48. Qf7+ Kh8 49. Qe8+ Kh7 50. Qe7+ Kg8 51. Qe8+ Kh7 52. Qd7+ Kg8
53. Qc8+ Kf7 54. Qxb7+ Ke8 55. Qc8+ Ke7 56. Qb7+ Kd6 57. Qb8+ Kc6 58. Nf4 Qb5
59. Qc8+ Kb6 60. Qd8+ Kc6 61. Qc8+ Kb6 62. Qd8+ Kc6 63. Qc8+ Kd6 64. Qf8+ Kc7
65. Qxh6 a5 66. Qh7+ Qd7+ 67. Qxd7+ Kxd7 68. Nd3 Bc3 69. f4 Kc6 70. f5 Kd5 71.
Kg4 Kc4 72. Nc1 Bb2 73. Ne2 a4 74. f6 a3 75. Kg5 a2 0-1

[Event "Mistrzostwa Polski Juniorow do lat 16 - Chlopcy"]
[Site "Jastrzebia Gora"]
[Date "1899-12-30"]
[Round "8.8"]
[White "Dylong, Antoni"]
[Black "Krawczyk, Flawian"]
[Result "1/2-1/2"]
[WhiteTitle "I+"]
[BlackTitle "CM"]
[WhiteElo "2034"]
[BlackElo "1988"]

1. e4 c6 2. d4 d5 3. e5 Bf5 4. h4 h5 5. Bd3 Bxd3 6. Qxd3 e6 7. Nf3 Qa5+ 8. Nbd2
Qa6 9. c4 Bb4 10. O-O Ne7 11. b3 c5 12. Bb2 Nd7 13. a3 Bxd2 14. Nxd2 cxd4 15.
Qxd4 Nf5 16. Qf4 Nc5 17. Bd4 Nd3 18. Qf3 Nxd4 19. Qxd3 Nf5 20. Nf3 dxc4 21. Qxc4
Qxc4 22. bxc4 Rc8 23. Rab1 b6 24. Rfc1 O-O 25. Kf1 Rc7 26. Ke2 Rd8 27. g3 Kf8
28. Rc3 Nd4+ 29. Ke3 Nc6 30. Rbc1 Ne7 31. Nd4 Rcd7 32. Nb3 b5 33. Ke4 bxc4 34.
Rxc4 Rd3 35. R4c3 Rxc3 36. Rxc3 Nd5 37. Rf3 Rc8 38. Nd4 Nc3+ 1/2-1/2

[Event "Mistrzostwa Polski Juniorow do lat 16 - Chlopcy"]
[Site "Jastrzebia Gora"]
[Date "1899-12-30"]
[Round "8.9"]
[White "Gbiorczyk, Mikolaj"]
[Black "Kejna, Piotr"]
[Result "0-1"]
[WhiteTitle "I+"]
[BlackTitle "CM"]
[WhiteElo "1853"]
[BlackElo "2027"]

1. d4 Nf6 2. Bg5 Ne4 3. h4 c5 4. d5 Qb6 5. Nd2 Nxg5 6. hxg5 Qxb2 7. g6 fxg6 8.
Ngf3 e6 9. dxe6 Be7 10. exd7+ Bxd7 11. Rb1 Qxa2 12. e3 Be6 13. Bd3 O-O 14. Rxb7
Bf6 15. Nh4 Bxh4 16. Rxh4 Qd5 17. Be4 Qg5 18. Nf3 Rxf3 19. Qxf3 Qxh4 20. Bd5 Bxd5
21. Qxd5+ Kh8 22. Qf7 Nd7 23. Qxd7 Rg8 24. Rxa7 Qh1+ 25. Ke2 Qxg2 26. Rc7 h5 27.
Rxc5 Rf8 28. Rc8 Qxf2+ 29. Kd3 Qf1+ 30. Kd2 Qg2+ 31. Kd3 Rxc8 32. Qxc8+ Kh7 33.
Qd8 Qg3 34. c4 h4 35. c5 h3 36. c6 h2 37. c7 h1=Q 38. c8=Q Qd1+ 39. Kc4 Qa4+ 40.
Kd5 Qf3+ 41. Kd6 Qb4+ 42. Kc7 Qa5+ 43. Kd7 Qf7+ 44. Kc6 Qc4+ 45. Kd7 Qad5+ 46.
Ke7 Qf7+ 47. Kd6 Qcd5# 0-1

[Event "Mistrzostwa Polski Juniorow do lat 16 - Chlopcy"]
[Site "Jastrzebia Gora"]
[Date "1899-12-30"]
[Round "8.10"]
[White "Grot, Blazej"]
[Black "Kubik, Rafal"]
[Result "1-0"]
[WhiteTitle "CM"]
[BlackTitle "I++"]
[WhiteElo "1862"]
[BlackElo "1995"]

1. e4 c5 2. Nf3 d6 3. Bb5+ Bd7 4. Bxd7+ Qxd7 5. O-O Nc6 6. c3 d5 7. exd5 Qxd5 8.
d4 e6 9. Be3 cxd4 10. Nxd4 Nf6 11. Qa4 a6 12. c4 Qa5 13. Qxa5 Nxa5 14. b3 Nc6
15. Nxc6 bxc6 16. Nc3 O-O-O 17. Rad1 Bb4 18. Na4 Rxd1 19. Rxd1 Rd8 20. Nb6+ Kc7
21. Bf4+ e5 22. Bxe5+ Bd6 23. Rxd6 Re8 24. Rxf6+ Rxe5 25. Rxf7+ Kxb6 26. Kf1 1-0

[Event "Mistrzostwa Polski Juniorow do lat 16 - Chlopcy"]
[Site "Jastrzebia Gora"]
[Date "1899-12-30"]
[Round "8.11"]
[White "Kazmierowski, Tymon"]
[Black "Trzebinski, Patryk"]
[Result "1-0"]
[WhiteTitle "I++"]
[BlackTitle "I++"]
[WhiteElo "1998"]
[BlackElo "1826"]

1. e4 c5 2. Nf3 d6 3. d4 cxd4 4. Nxd4 Nf6 5. Nc3 g6 6. Be3 Bg7 7. Be2 O-O 8. O-O
Nc6 9. f3 Bd7 10. Qd2 Rc8 11. Rac1 Ne5 12. Nd5 Nxd5 13. exd5 Nc4 14. Bxc4 Rxc4
15. b3 Rc7 16. c4 Qb8 17. Bg5 Re8 18. Rfe1 b5 19. Nxb5 Bxb5 20. cxb5 Qxb5 21.
Rxc7 Qb6+ 22. Be3 Qxc7 23. Rc1 Qb7 24. Qa5 Rc8 25. Rc6 Rxc6 26. dxc6 Qxc6 27.
Qd8+ Bf8 28. Bh6 Qb6+ 29. Qxb6 axb6 30. Be3 Bg7 31. Bxb6 Kf8 32. Kf2 Ke8 33. b4
Kd7 34. b5 Kc8 35. a4 Kb7 36. a5 d5 37. Bc5 e6 38. a6+ Kc8 39. f4 Bf6 40. b6 Bd8
41. Ke2 f6 42. Kd3 e5 43. fxe5 fxe5 44. b7+ Kb8 45. Bd6+ Bc7 46. a7+ Kxa7 47.
Bxc7 e4+ 48. Kd4 Kxb7 49. Bf4 Kc6 50. h4 1-0

[Event "Mistrzostwa Polski Juniorow do lat 16 - Chlopcy"]
[Site "Jastrzebia Gora"]
[Date "1899-12-30"]
[Round "8.12"]
[White "Borowik, Wojciech"]
[Black "Malinowski, Szymon"]
[Result "1/2-1/2"]
[WhiteTitle "I++"]
[BlackTitle "I++"]
[WhiteElo "1890"]
[BlackElo "1946"]

1. d4 d5 2. c4 e6 3. Nc3 Nf6 4. cxd5 exd5 5. Bg5 c6 6. e3 Nbd7 7. Bd3 Be7 8. Qc2
O-O 9. Nge2 Re8 10. O-O Nf8 11. Rad1 Ng6 12. Nf4 Ng4 13. Bxe7 Qxe7 14. h3 Nf6
15. Nxg6 hxg6 16. a3 g5 17. Rfe1 Ne4 18. Bxe4 dxe4 19. d5 Bd7 20. Rd4 f5 21. b4
Rac8 22. d6 Qf7 23. Na4 b6 24. Rc1 Re5 25. Qc4 Qxc4 26. Rdxc4 Rd5 27. Nc3 Rxd6
28. Ne2 Rd3 29. a4 Ra3 30. a5 Ra4 31. axb6 axb6 32. Rd4 Be8 33. g4 g6 34. Ng3
f4 35. Nxe4 fxe3 36. fxe3 Ra3 37. Kf2 Bf7 38. Nxg5 b5 39. Nxf7 Kxf7 40. Rd6 Rb3
41. Rcxc6 Rxc6 42. Rxc6 Rxb4 43. Kf3 g5 44. Rb6 Kg7 45. Ke2 Rb3 46. Kf3 Rb4 47.
Rc6 Kf7 48. Rb6 Kg7 49. Ke2 Rb3 50. Kf3 Rb4 51. Re6 Kf7 52. Rh6 Kg7 53. Rh5 Kg6
54. h4 gxh4 55. Rxh4 Rb1 56. Rh5 b4 57. Rb5 b3 58. Kf4 b2 59. Rb6+ Kg7 60. Kg5
Re1 61. Rb7+ Kg8 62. Rxb2 Rxe3 63. Rb7 Re6 64. Kf5 Ra6 65. Rc7 Ra5+ 66. Kg6 Ra6+
67. Kh5 Ra5+ 68. g5 Ra6 69. Rc5 Kg7 70. g6 Ra7 71. Rf5 Rb7 72. Kg5 Ra7 73. Rf2
Ra5+ 74. Rf5 Ra7 75. Rb5 1/2-1/2

[Event "Mistrzostwa Polski Juniorow do lat 16 - Chlopcy"]
[Site "Jastrzebia Gora"]
[Date "1899-12-30"]
[Round "8.13"]
[White "Pancewicz, Szymon"]
[Black "Musial, Igor"]
[Result "1-0"]
[WhiteTitle "I+"]
[BlackTitle "I"]
[WhiteElo "1909"]
[BlackElo "1825"]

1. d4 Nf6 2. c4 g6 3. h4 Bg7 4. Nc3 d5 5. h5 c5 6. h6 Bf8 7. cxd5 Nxd5 8. e4 Nxc3
9. bxc3 cxd4 10. cxd4 e6 11. Nf3 Nc6 12. Bc4 Bb4+ 13. Ke2 O-O 14. Bb2 Be7 15.
Qd2 Na5 16. Bd3 Bd7 17. Ne5 Nc6 18. Nxd7 Bb4 19. Qf4 Qxd7 20. Qf6 1-0

[Event "Mistrzostwa Polski Juniorow do lat 16 - Chlopcy"]
[Site "Jastrzebia Gora"]
[Date "1899-12-30"]
[Round "8.14"]
[White "Jaskiewicz, Kacper"]
[Black "Wierzbicki, Dawid"]
[Result "1-0"]
[WhiteTitle "I+"]
[BlackTitle "I"]
[WhiteElo "2027"]
[BlackElo "1766"]

1. e4 c5 2. Nf3 Nc6 3. d4 cxd4 4. Nxd4 Nf6 5. Nc3 h5 6. h3 e5 7. Ndb5 d6 8. Bg5
a6 9. Na3 Be6 10. Nc4 Nd4 11. Ne3 Rc8 12. Be2 Be7 13. Bd3 Nd7 14. Bxe7 Qxe7 15.
Ne2 Qg5 16. c3 Nxe2 17. Qxe2 Nf8 18. Bc4 Ng6 19. Bxe6 fxe6 20. O-O-O Rc6 21. g3
b5 22. Kb1 Ne7 23. Rd2 Nc8 24. c4 Qg6 25. Qd3 Na7 26. Rc1 O-O 27. Rdc2 b4 28.
Ng2 Rd8 29. f4 d5 30. f5 Qf6 31. cxd5 Rxc2 32. Rxc2 exd5 33. exd5 Nb5 34. Ne3
Nd4 35. Rc7 Qg5 36. g4 Qh4 37. d6 Rxd6 38. Rc8+ Rd8 39. Rxd8+ Qxd8 40. Qc4+ Kh7
41. Qxa6 Qg5 42. Qd3 Kh8 43. Qe4 Qh4 44. Nc2 Qf2 45. Nxd4 exd4 46. Qe8+ Kh7 47.
Qxh5+ Kg8 48. Qe8+ Kh7 49. Qg6+ Kh8 50. Qe8+ Kh7 51. Qe4 Qd2 52. f6+ g6 53. Qe7+
Kh6 54. Qc7 Qd3+ 55. Qc2 Qxh3 56. Qd2+ g5 57. Qxd4 Qf3 58. f7 Qxf7 59. Qh8+ 1-0

[Event "Mistrzostwa Polski Juniorow do lat 16 - Chlopcy"]
[Site "Jastrzebia Gora"]
[Date "1899-12-30"]
[Round "8.15"]
[White "Paszkowski, Krystian"]
[Black "Stepinski, Piotr"]
[Result "1-0"]
[WhiteTitle "I++"]
[BlackTitle "I"]
[WhiteElo "1992"]
[BlackElo "1759"]

1. d4 Nf6 2. c4 g6 3. Nc3 Bg7 4. g3 c5 5. d5 d6 6. Bg2 O-O 7. Nf3 e6 8. O-O exd5
9. cxd5 Re8 10. Nd2 a6 11. a4 Ng4 12. h3 Nh6 13. e4 f5 14. Nc4 Nf7 15. exf5 Bxf5
16. g4 Bc8 17. Bf4 Ne5 18. Nxe5 Bxe5 19. Qd2 Nd7 20. Rae1 Rf8 21. Bh6 Bg7 22.
Ne4 Nf6 23. Bxg7 Kxg7 24. Ng5 h6 25. Ne4 Nxe4 26. Rxe4 Bd7 27. Rfe1 Qf6 28. b4
b6 29. a5 cxb4 30. axb6 Rf7 31. Rxb4 Rb8 32. Qe3 Rbf8 33. Re4 Bc8 34. Re7 Rxe7
35. Qxe7+ Rf7 36. Qe3 Bb7 37. Rc1 Qd8 38. Qd4+ Kh7 39. Re1 Bc8 40. Bf1 h5 41.
Bg2 hxg4 42. hxg4 Rb7 43. Re3 Kg8 44. Rh3 Rh7 45. Rc3 Re7 46. Bf1 Rh7 47. Qe4
Rg7 48. Re3 Bb7 49. Qe6+ Kh8 50. Rh3+ Rh7 51. Rxh7+ Kxh7 52. Qf7+ Kh6 53. Qxb7
Qg5 54. Qc8 1-0

[Event "Mistrzostwa Polski Juniorow do lat 16 - Chlopcy"]
[Site "Jastrzebia Gora"]
[Date "1899-12-30"]
[Round "8.16"]
[White "Brozynski, Patryk"]
[Black "Skrzypinski, Jan"]
[Result "0-1"]
[WhiteTitle "II+"]
[BlackTitle "I"]
[WhiteElo "1910"]
[BlackElo "1688"]

1. e4 c5 2. Nf3 d6 3. d4 cxd4 4. Nxd4 Nf6 5. Nc3 a6 6. Bg5 e6 7. f4 Be7 8. Qf3
Qc7 9. O-O-O Nbd7 10. g4 b5 11. Bxf6 Nxf6 12. g5 Nd7 13. f5 O-O 14. Rg1 b4 15.
Nb1 e5 16. Nb3 f6 17. gxf6 Rxf6 18. N1d2 Bf8 19. Nc4 a5 20. Ne3 Bb7 21. Ng4 Rc8
22. Bd3 a4 23. Nd2 Kh8 24. Nxf6 Nxf6 25. Qe2 d5 26. exd5 Bxd5 27. Kb1 e4 28. Nxe4
Bxe4 29. Bxe4 Re8 30. Rge1 Nxe4 31. Qb5 Rb8 32. Qa6 b3 33. axb3 axb3 34. c3 Nc5
35. Qc4 Qa5 36. Re2 Qa2+ 37. Kc1 Qa1+ 38. Kd2 Rd8+ 0-1

[Event "Mistrzostwa Polski Juniorow do lat 16 - Chlopcy"]
[Site "Jastrzebia Gora"]
[Date "1899-12-30"]
[Round "8.17"]
[White "Ugorek, Kacper"]
[Black "Nowak, Filip"]
[Result "1/2-1/2"]
[WhiteTitle "I"]
[BlackTitle "I"]
[WhiteElo "1650"]
[BlackElo "1893"]

1. d4 d5 2. c4 c6 3. Nf3 Nf6 4. Qc2 g6 5. Bf4 Bf5 6. Qb3 Qb6 7. e3 Qxb3 8. axb3
Nbd7 9. Nc3 e6 10. c5 a6 11. h3 Bg7 12. b4 O-O 13. Be2 Rfe8 14. Ne5 Nxe5 15. Bxe5
Nd7 16. Bxg7 Kxg7 17. g4 Bc2 18. Kd2 Bb3 19. Ra3 Bc4 20. Bxc4 dxc4 21. Ne4 e5
22. Nd6 Re7 23. Re1 Nf6 24. dxe5 Rxe5 25. e4 Rd8 26. f4 Rxe4 27. g5 Rd4+ 28. Kc3
R4xd6 29. cxd6 Nd5+ 30. Kxc4 Rxd6 31. Rf3 Rd7 32. f5 gxf5 33. Rxf5 Kg6 34. Rfe5
Nb6+ 35. Kc3 Nd5+ 36. Kb3 Nf4 37. R1e3 1/2-1/2

[Event "Mistrzostwa Polski Juniorow do lat 16 - Chlopcy"]
[Site "Jastrzebia Gora"]
[Date "1899-12-30"]
[Round "8.18"]
[White "Jaworski, Tymon"]
[Black "Lonski, Aleksander"]
[Result "1/2-1/2"]
[WhiteTitle "I+"]
[BlackTitle "I"]
[WhiteElo "1825"]
[BlackElo "1707"]

1. d4 d5 2. Bf4 Nf6 3. e3 e6 4. Nd2 Bd6 5. Bxd6 Qxd6 6. f4 Nbd7 7. c3 c5 8. Bd3
Rb8 9. Ngf3 b5 10. O-O O-O 11. Ne5 b4 12. g4 Ba6 13. g5 Bxd3 14. Nxd3 Ne4 15.
Nxe4 dxe4 16. Nf2 bxc3 17. bxc3 Qc6 18. Qe2 f5 19. gxf6 Rxf6 20. Rab1 Rc8 21.
Kh1 Rg6 22. Rg1 Rxg1+ 23. Rxg1 Nf6 24. Ng4 Nxg4 25. Qxg4 Qd7 26. d5 Re8 27. c4
Re7 28. Rb1 g6 29. Qg5 exd5 30. cxd5 Kg7 31. f5 Rf7 32. fxg6 hxg6 33. Qe5+ Rf6
34. Qxe4 Qh3 35. Rg1 Qf3+ 36. Qxf3 Rxf3 37. Re1 Rf2 38. Rc1 Rxa2 39. Rxc5 Re2
40. Rc3 Kf6 41. Rd3 Ke7 42. d6+ Kd7 43. Kg1 a5 44. Kf1 Rxh2 45. e4 Rh4 46. Rd4
g5 47. Kf2 a4 48. Rxa4 Kxd6 49. Kf3 Rh3+ 50. Kg4 Re3 51. Kf5 Rf3+ 52. Kxg5 Ke5
53. Kg4 Re3 54. Kg5 Rxe4 55. Rxe4+ Kxe4 1/2-1/2

[Event "Mistrzostwa Polski Juniorow do lat 16 - Chlopcy"]
[Site "Jastrzebia Gora"]
[Date "1899-12-30"]
[Round "8.19"]
[White "Stanislawski, Karol"]
[Black "Kusiak, Mateusz"]
[Result "0-1"]
[WhiteTitle "I"]
[BlackTitle "I++"]
[WhiteElo "1844"]
[BlackElo "1909"]

1. d4 Nf6 2. c4 c5 3. d5 e6 4. Nc3 exd5 5. cxd5 d6 6. e4 g6 7. f4 Bg7 8. Bb5+ Nfd7
9. Be2 Qh4+ 10. g3 Qd8 11. Nf3 O-O 12. O-O Na6 13. Kg2 Nc7 14. Qc2 a6 15. a4 Rb8
16. a5 b5 17. axb6 Rxb6 18. f5 Ne5 19. Bg5 Qd7 20. f6 Qh3+ 21. Kg1 Nxf3+ 22. Bxf3
Bh6 23. Na4 Rb4 24. Qd2 Bxg5 25. Qxg5 Bd7 26. Rfe1 h6 27. Qf4 Ne8 28. Bg2 Qh5
29. Nc3 Rxb2 30. Rxa6 Bh3 31. Bf3 Bg4 32. Bg2 Rc2 33. Rc1 Rxc1+ 34. Qxc1 Qe5 35.
Ra3 Nxf6 36. Qe3 Rb8 37. h3 Bd7 38. Kh2 Qh5 39. Qf4 Rb2 40. Kg1 Kg7 41. Qxd6 Bxh3
42. Ra8 Rxg2+ 43. Kh1 Nd7 0-1

[Event "Mistrzostwa Polski Juniorow do lat 16 - Chlopcy"]
[Site "Jastrzebia Gora"]
[Date "1899-12-30"]
[Round "8.20"]
[White "Sliz, Karol"]
[Black "Marek, Grzegorz"]
[Result "1-0"]
[WhiteTitle "I"]
[BlackTitle "I"]
[WhiteElo "1672"]
[BlackElo "1657"]

1. e4 c5 2. Nf3 Nc6 3. d4 cxd4 4. Nxd4 Nf6 5. Nc3 e6 6. Ndb5 Bc5 7. Bf4 O-O 8.
Bc7 Qe7 9. Bd6 Bxd6 10. Qxd6 Qd8 11. O-O-O a6 12. Nd4 Ne7 13. Qg3 b5 14. e5 Ne8
15. Ne4 Bb7 16. Bd3 f5 17. exf6 Nxf6 18. Nxe6 dxe6 19. Nxf6+ Rxf6 20. Bxh7+ Kxh7
21. Rxd8 Rxd8 22. Qc7 Nc6 23. Qxb7 Nd4 24. Qe4+ Kg8 25. c3 Nf5 26. Rd1 Rdf8 27.
f4 Nh6 28. g3 Kh8 29. Rd6 Re8 30. Rxa6 Ng4 31. Qe2 Nh6 32. Qxb5 Rd8 33. Qb7 Rf7
34. Qe4 Rfd7 35. Ra8 Rd1+ 36. Kc2 R1d2+ 37. Kb3 Rxa8 38. Qxa8+ Ng8 39. Qe4 Rd6
40. a4 Nf6 41. Qa8+ Kh7 42. a5 Nd5 43. a6 Rb6+ 44. Kc2 Ne3+ 45. Kc1 Nd5 46. a7
Ra6 47. Qb7 1-0

[Event "Mistrzostwa Polski Juniorow do lat 16 - Chlopcy"]
[Site "Jastrzebia Gora"]
[Date "1899-12-30"]
[Round "8.21"]
[White "Maslanka, Wojciech"]
[Black "Przybylski, Bartosz"]
[Result "0-1"]
[WhiteTitle "k"]
[BlackTitle "I"]
[WhiteElo "2090"]
[BlackElo "1868"]

1. d4 Nf6 2. c4 c5 3. d5 b5 4. cxb5 a6 5. e3 axb5 6. Bxb5 Ba6 7. Nc3 Bxb5 8. Nxb5
d6 9. Nf3 g6 10. O-O Bg7 11. Qd3 Nbd7 12. Bd2 O-O 13. Bc3 Qb6 14. Na3 Qa6 15.
Rad1 Nb6 16. Qxa6 Rxa6 17. e4 Na4 18. Nb1 Nxe4 19. Bxg7 Kxg7 20. Rde1 Nf6 21.
Rxe7 Nxd5 22. Rb7 c4 23. Rd1 Nc5 24. Rb5 Nc7 25. Rb4 Nd3 26. Rb7 Rc8 27. Nc3 Ne6
28. Nd2 d5 29. Nxd5 Rxa2 30. Nb6 Nxb2 31. Nxc8 Nxd1 32. Nxc4 Ra1 33. Ra7 Rc1 34.
Kf1 Nc3# 0-1

[Event "Mistrzostwa Polski Juniorow do lat 16 - Chlopcy"]
[Site "Jastrzebia Gora"]
[Date "1899-12-30"]
[Round "8.22"]
[White "Ptaszynski, Szymon"]
[Black "Murawski, Milosz"]
[Result "1-0"]
[WhiteTitle "I"]
[BlackTitle "I"]
[WhiteElo "1764"]
[BlackElo "1691"]

1. e4 c5 2. Nf3 e6 3. c3 Nc6 4. d4 cxd4 5. cxd4 d5 6. e5 Bb4+ 7. Nc3 Nge7 8. a3
Ba5 9. Bd3 h6 10. O-O O-O 11. Bc2 f5 12. exf6 Rxf6 13. Qd3 Ng6 14. h4 Bxc3 15.
bxc3 e5 16. dxe5 Bf5 17. Qe2 Ncxe5 18. Nxe5 Nxe5 19. Bb3 Nc6 20. Rd1 Be6 21. Be3
Qa5 22. Qb2 Kh8 23. Bc2 Qc7 24. Rac1 Raf8 25. Bd3 a6 26. Be2 b5 27. Re1 R8f7 28.
Bh5 Rd7 29. g3 Ne5 30. Bf4 Nd3 31. Bxc7 Nxb2 32. Be5 Rf8 33. Bxg7+ Kxg7 34. Rxe6
Nd3 35. Rc2 Nc5 36. Rg6+ Kh7 37. Rc6 Ne4 38. Bg6+ Kg7 39. Bxe4 dxe4 40. Rxa6 e3
41. f4 Re8 42. Re2 Rc7 43. Rb6 Rxc3 44. Rxb5 Rxa3 45. Kg2 Kf6 46. Rb6+ Kg7 47.
Kf3 Re7 48. Rb4 Kf6 49. Re4 Rxe4 50. Kxe4 Ra4+ 51. Kf3 Kf5 52. g4+ Kf6 53. Rxe3
Ra1 54. g5+ hxg5 55. hxg5+ Kg6 56. Re6+ 1-0

[Event "Mistrzostwa Polski Juniorow do lat 16 - Chlopcy"]
[Site "Jastrzebia Gora"]
[Date "1899-12-30"]
[Round "8.23"]
[White "Szymkiewicz, Witold"]
[Black "Rozek, Michal"]
[Result "1-0"]
[WhiteTitle "I+"]
[BlackTitle "I"]
[WhiteElo "1754"]
[BlackElo "1591"]

1. d4 Nf6 2. c4 g6 3. Nf3 Bg7 4. Nc3 d6 5. e4 O-O 6. Be2 Nbd7 7. O-O e5 8. d5 Nc5
9. Qc2 a5 10. Be3 b6 11. a3 Ng4 12. Bg5 f6 13. Bc1 f5 14. Bg5 Qe8 15. Nd2 h6 16.
Bxg4 hxg5 17. Be2 g4 18. b4 Nd7 19. Nb5 Qd8 20. f3 g3 21. h3 Nf6 22. Rfe1 Nh5
23. c5 Nf4 24. Bf1 bxc5 25. bxc5 dxc5 26. Qxc5 Qg5 27. Nxc7 Nxh3+ 28. gxh3 Qxd2
29. Re2 Qd4+ 30. Qxd4 exd4 31. Nxa8 d3 32. Rea2 fxe4 33. fxe4 Ba6 34. Nc7 Bc4
35. Ne6 Rf2 36. Nxg7 Bxa2 37. d6 Kf7 38. Bxd3 Rd2 39. Rxa2 Rxd3 40. e5 Kxg7 41.
Rc2 Kf7 42. Rc7+ Ke8 43. Kg2 Re3 44. Re7+ Kd8 45. a4 g5 46. Kf1 Re4 47. Kg1 Re2
48. Kf1 Re4 49. Kg2 Re3 50. e6 Rd3 51. Rd7+ Ke8 52. Ra7 Rxd6 53. Rxa5 Rxe6 54.
Rxg5 Re4 55. Rg4 Re2+ 56. Kxg3 Re3+ 57. Kh4 Kf7 58. Rb4 Ra3 59. Kg4 Kg6 60. h4
Ra1 61. Rb6+ Kg7 62. Ra6 Rg1+ 63. Kh5 Ra1 64. Ra7+ Kf6 65. Kh6 Ke6 66. h5 Kd6
67. Kh7 Kc6 68. a5 Ra2 69. h6 Ra1 70. Kg8 Rg1+ 71. Rg7 Rb1 72. Rf7 Rb8+ 73. Kg7
Rb1 74. h7 Rg1+ 75. Kf8 Rh1 76. Kg8 Rg1+ 77. Rg7 Rb1 78. h8=Q Rb8+ 79. Kh7 Kd5
1-0